[Event "Chigorin Memorial 30th"]
[Site "St Petersburg"]
[Date "2023.10.28"]
[Round "8"]
[White "Dudkina, Uliana"]
[Black "Timerkhanov, Alexander"]
[Result "0-1"]
[WhiteElo "1916"]
[BlackElo "2336"]
[PlyCount "92"]
[EventDate "2023.10.21"]
[EventType "swiss"]
[EventRounds "9"]
[EventCountry "RUS"]
[SourceTitle "Mega2024 Update 01"]
[Source "Chessbase"]
[SourceDate "2023.11.12"]
[SourceVersion "1"]
[SourceVersionDate "2023.11.12"]
[SourceQuality "1"]

1. d4 d5 2. c4 e6 3. Nc3 h6 4. Nf3 Nf6 5. Bf4 a6 6. e3 Bd6 7. Bg3 0-0 8. Qc2 b6 9. cxd5 exd5 10. Bd3 Bb7 11. 0-0 Re8 12. Rfd1 Bxg3 13. hxg3 Nbd7 14. Rac1 Qe7 15. a3 Ne4 16. Nd2 Nxf2 17. Kxf2 Qxe3+ 18. Kf1 Qxd4 19. Nf3 Qc5 20. b4 Qd6 21. Ne2 c5 22. Bf5 Rac8 23. Qb2 Bc6 24. Nf4 d4 25. Nd2 g5 26. Nh5 Qd5 27. Be4 Rxe4 28. Nxe4 Qxe4 29. bxc5 bxc5 30. Rxc5 Qxg2+ 31. Qxg2 Bxg2+ 32. Kxg2 Rxc5 33. Rxd4 Rc2+ 34. Kf3 Rc3+ 35. Kg4 Rc4 36. Rxc4 Ne5+ 37. Kf5 Nxc4 38. Nf6+ Kh8 39. Nd7 Nxa3 40. Kf6 Nc4 41. Kxf7 h5 42. Nf8 a5 43. Kf6 a4 44. Ne6 a3 45. Nd4 a2 46. Nc2 h4 0-1